Normal view
MARC view
Entry Personal Name
001 - CONTROL NUMBER
- control field: 15993
003 - CONTROL NUMBER IDENTIFIER
- control field: ARRUPE
005 - DATE AND TIME OF LATEST TRANSACTION
- control field: 20150309140138.0
008 - FIXED-LENGTH DATA ELEMENTS
- fixed length control field: 150309|| aca||aabn | a|a d
040 ## - CATALOGING SOURCE
- Original cataloging agency: ARRUPE
- Transcribing agency: ARRUPE
100 ## - HEADING--PERSONAL NAME
- Personal name: Symes, Collin Ed.
670 ## - SOURCE DATA FOUND
- Source citation: Work cat.: (ARRUPE): Shakespeare, William 15960, Twelfth Night, 1972